Finite Markov chains
Saved in:
| Main Authors: | , |
|---|---|
| Format: | Bog |
| Sprog: | engelsk |
| Udgivet: |
Nueva York
Springer-Verlag
1976
|
| Serier: | Undergraduate Texts in Mathematics
|
| Fag: | |
| Tags: |
Tilføj Tag
Ingen Tags, Vær først til at tagge denne postø!
|
MARC
| LEADER | 00000nam a2200000 a 4500 | ||
|---|---|---|---|
| 001 | UCP0025 | ||
| 003 | CL-VaPUC | ||
| 008 | 990128e19760000US |||||||||||||||||eng|d | ||
| 082 | 0 | 4 | |a 519.233 |b KEM |2 21 |
| 100 | |a Kemeny, John G |e author |9 424820 | ||
| 700 | 0 | |a Snell, J. Laurie |e author |9 424821 | |
| 245 | 1 | 0 | |a Finite Markov chains |
| 300 | |a 210 p | ||
| 942 | |c BK | ||
| 945 | |d 19990128 00:00:00 |a crobeson | ||
| 260 | |a Nueva York |b Springer-Verlag |c 1976 | ||
| 650 | 0 | |a Procesos de Markov |9 270451 | |
| 650 | 0 | |a Cadenas de Markov |9 350699 | |
| 650 | 0 | |a Probabilidades |9 260199 | |
| 583 | |a last modification |c 19990128 00:00:00 |k Rodrigo Vera | ||
| 490 | 0 | |a Undergraduate Texts in Mathematics | |
| 999 | |c 278911 |d 278909 | ||
| 952 | |0 0 |1 0 |4 0 |6 519_233000000000000_KEM_1976 |7 0 |8 A |9 317726 |a BIBGIM |b BIBGIM |d 2019-11-20 |i 1320491 |o 519.233 KEM 1976 |p 1320491 |r 2025-01-15 |w 2019-11-20 |y BK |k EST | ||